000 00664nam a2200265Ia 4500
005 20260121170958.0
008 008 260114s9999 xx 000 0 eng d
020 _a9783030033507
037 _aEBOOK
040 _aCRL
040 _beng
040 _cCRL
041 _2eng
041 _aeng
084 _qCRL
100 _aGert-Martin Greuel, Christoph Lossen, Eugenii Shustin
_91070536
245 0 _aSingular Algebraic Curves
260 _bSpringer
260 _bSpringer
260 _c2018
856 _uhttps://link.springer.com/openurl?genre=book&isbn=978-3-030-03350-7
942 _cEBOOK
999 _c1636266
_d1636266